000 01019nam0a22003131 4500
001 v19\rc\1395211
005 20250618095014.0
035 _a(NLR Aleph) 004526668
090 _a4922074
_c4922074
100 _a20060512d1870 |||y0rusy50 ca
101 0 _arus
102 _aRU
105 _ay z |||||
200 1 _aФикция и действительность в вопросе об устройстве Мариинской системы
_eЭкон. исслед. Н. Водова
210 _aСанкт-Петербург
_cтип. А.А. Краевского
_d1870
215 _aXXI, [3], 277 с.
_d19
700 1 _aВодов
_bН.И.
_f-1879
_gНиколай Иванович
801 0 _aRU
_bNLR
_gpsbo
801 0 _aRU
_bRuMoRGB
_2psbo
801 1 _aRU
_bProSoft-M
_2rusmarc
852 _aNLR
_j18.123.6.15
852 _aNLR
_j129/911
899 _aRuMoRGB
_jE 72/83
899 _aRuMoRGB
_jU 40/737
899 _aБАН
899 _aНБ СПбГУ
899 _aГПИБ
942 _cBOOK
980 _aNB